| 000 | 01101nam a2200289 i 4500 | ||
|---|---|---|---|
| 001 | 112278 | ||
| 003 | ES-MaACL | ||
| 005 | 20250729062626.0 | ||
| 007 | t| | ||
| 008 | 061121s1965 sp r ||||1| spa d | ||
| 080 | _a32 | ||
| 100 | 1 |
_aNiebuhr, Reinhold. _985619 |
|
| 245 | 1 | 0 |
_aNiebuhr : _bideas políticas : la filosofía política y la visión de los problemas actuales de Reinhold Niebuhr ; recopiladas por Harry R. Davis y Robert C. Good ; [traducida por Francisco Solé Piqué y extractada por Federico de Góncer]. |
| 260 |
_aBarcelona : _bHispano Europea, _c1965. |
||
| 300 |
_a406 p. ; _c21 cm. |
||
| 490 | 1 |
_aInstituto de Estudios Europeos ; _v24 |
|
| 650 | 7 |
_aPolítica _2embne _9140345 |
|
| 700 | 1 |
_aDavis, Harry R. _942966 |
|
| 700 | 1 |
_aGood, Robert C. _959093 |
|
| 700 | 1 |
_aSolé Piqué, Francisco. _9107128 |
|
| 700 | 1 |
_aGóncer, Federico de. _958226 |
|
| 830 | 1 |
_aInstituto de Estudios Europeos ; _v24 _9233119 |
|
| 852 |
_aES-MaACL _jC-28496 _bR.56253 |
||
| 852 |
_aES-MaACL _jC-27014 _bR.56106 |
||
| 852 |
_aES-MaACL _jC-28892 _bR.58266 |
||
| 999 |
_c112278 _d112278 |
||